000 00493nam a2200193 a 4500
001 1769940913211
003 YourLibrary
005 20260201163841.0
008 260201s1995##################000#0#eng##
020 _a9780385473033
082 0 4 _a305.235
_bGOL
100 1 _aGolden, Marita,
_eauthor.
245 1 0 _aSaving Our Sons :
260 _bAnchor,
_c1995.
300 _a212 pages
650 0 _aBiography & Autobiography.
942 _cENGLISH
040 _aYourLibrary
_beng
_cYourLibrary
999 _c609818
_d609818